| 000 | 00478nam a22001817a 4500 | ||
|---|---|---|---|
| 003 | CEME | ||
| 005 | 20210628203242.0 | ||
| 008 | 210203b xxu||||| |||| 00| 0 eng d | ||
| 020 | _a9789693513332 | ||
| 040 | _c. | ||
| 082 | _a891.4393 TAR | ||
| 100 |
_aMustansar Hussain Tarar , Tarrar, Mustansar Hussain _964295 |
||
| 245 | _aQilaa jangi | ||
| 260 |
_aLAHORE _bSANG-E-MEEL PUB _c2008 |
||
| 300 | _a216P | ||
| 650 |
_aURDU ADAB-NOVEL-QILAA JANGI _964296 |
||
| 942 |
_cBK _2ddc |
||
| 999 |
_c572835 _d572835 |
||